[Event "45th Olympiad 2024"]
[Site "Budapest HUN"]
[Date "2024.09.11"]
[Round "1.42"]
[Board "4"]
[White "Makem Pierre"]
[Black "Miezis, Normunds"]
[Result "0-1"]
[WhiteElo "1860"]
[BlackElo "2417"]
[PlyCount "74"]
[EventDate "2024.09.11"]
[WhiteTeam "Cameroon"]
[BlackTeam "Latvia"]
[WhiteTeamCountry "CAM"]
[BlackTeamCountry "LAT"]

1. d4 Nf6 2. Nc3 d5 3. Bf4 e6 4. e3 a6 5. g4 h6 ({RR} 5... Bb4 6. Nge2 Ne4 7. Bg2 Nxc3 8. Nxc3 Nd7 9. O-O O-O 10. Qd3 b5 11. e4 Nb6 12. exd5 exd5 13. Qg3 Ra7 14. h3 c6 15. Nd1 Be7 16. Re1 Be6 17. b3 Nd7 18. Nb2 c5 19. dxc5 Nxc5 20. Rad1 {1-0 Wei Yi (2762)-Martirosyan,H (2667) FIDE World Rapid Team 2024 (5.8)}) 6. Qf3 ({RR} 6. h4 c5 7. f3 Bd6 8. Nge2 Nc6 9. Qd2 b5 10. Bxd6 Qxd6 11. dxc5 Qxc5 12. Nd4 Bb7 13. Nxc6 Bxc6 14. Ne2 e5 15. O-O-O O-O-O 16. Bg2 b4 17. Kb1 Bb5 18. Nc1 a5 19. g5 Nh5 20. Bh3+ Kb8 {½-½ Lach,A (2238)-Silz,E (1980) Frauenbundesliga 2023-24 (9.3)}) 6... b5 $146 ({RR} 6... c5 7. h4 cxd4 8. exd4 Nc6 9. O-O-O Bd6 10. Bxd6 Qxd6 11. Nge2 Bd7 12. g5 Ng8 13. g6 fxg6 14. Nf4 Nge7 15. Qg3 Rf8 16. Nce2 Kd8 17. Bh3 Rf6 18. Qe3 b5 19. Nd3 Kc7 20. f4 Nb4 21. Kb1 {0-1 Segato,P (1999)-Saito,V (2138) 9th Floripa Open 2023 (10.37)}) ({RR} 6... c5 7. O-O-O Qa5 8. Nge2 Nc6 9. Kb1 cxd4 10. exd4 b5 11. Nc1 Bd7 12. Nb3 Qb6 13. h4 O-O-O 14. g5 Ng8 15. Bh3 Kb7 16. Be3 f5 17. gxf6 gxf6 18. Rhg1 Ka7 19. Rg6 Be8 20. Rxg8 Rxg8 21. Bxe6 {1-0 Enoeckl,P (2284)-Brinovec,D (2268) AUT-chT2M 2122 2021 (3.3)}) 7. a3 Bb7 8. Qg3 c5 9. Bc7 Qc8 10. f3 Nc6 11. O-O-O cxd4 12. exd4 Qd7 13. Kb1 Rc8 14. Be5 b4 15. axb4 Bxb4 16. Nge2 Na5 17. Na2 Bf8 18. Nec3 Qc6 19. g5 hxg5 20. Qxg5 Nd7 21. h4 Nxe5 22. Qxe5 Qc7 23. Qg5 Rh6 24. h5 Rf6 25. Be2 Qf4 26. Rhg1 Nc4 27. Rd3 Qxg5 28. Rxg5 Rf4 29. b3 Nd6 30. Bf1 Rh4 31. Re5 Be7 32. Re1 Nf5 33. Ne2 a5 34. Nac3 Bb4 35. f4 Ba6 36. Rh3 Bxe2 37. Rxe2 Rxc3 0-1

[Event "45th Olympiad 2024"]
[Site "Budapest HUN"]
[Date "2024.09.11"]
[Round "1.43"]
[Board "1"]
[White "Al Maashani, Amer"]
[Black "Haring, Filip"]
[Result "0-1"]
[WhiteElo "1979"]
[BlackElo "2503"]
[PlyCount "90"]
[EventDate "2024.09.11"]
[WhiteTeam "Oman"]
[BlackTeam "Slovakia"]
[WhiteTeamCountry "OMN"]
[BlackTeamCountry "SVK"]

1. d4 Nf6 2. c4 e6 3. Nc3 Bb4 4. e3 O-O 5. Nge2 c6 6. a3 Ba5 7. b4 Bc7 8. Ng3 d5 9. f4 ({RR} 9. Bb2 Nbd7 10. Be2 dxc4 11. Bxc4 e5 12. Be2 exd4 13. Qxd4 Ne5 14. Nce4 Nxe4 15. Qxe4 f5 16. Qd4 Be6 17. O-O Qxd4 18. Bxd4 Nc4 19. Rfd1 g6 20. a4 a5 21. Rac1 b5 {½-½ Werle,J (2563)-Nisipeanu,L (2668) Ortisei Server24 op 3rd 2016 (6)}) 9... a5 10. Rb1 $146 ({RR} 10. b5 Nbd7 11. c5 Ne8 12. b6 Bb8 13. Be2 f6 14. O-O e5 15. e4 exf4 16. Bxf4 Bxf4 17. Rxf4 Nb8 18. exd5 cxd5 19. Bf3 Be6 20. Qe2 Bf7 21. Nf5 Nc6 22. Rg4 Kh8 23. Rh4 Qd7 24. Qd3 Bg6 {1-0 Pavlidou,E (2185)-Markantonaki,H (2197) GRE-ch (Women) 35th 2012 (6)}) ({RR} 10. Bb2 Qe7 11. c5 axb4 12. axb4 Rxa1 13. Qxa1 Ng4 14. Nd1 Qh4 15. Bd3 Nxh2 16. Kf2 Bxf4 17. exf4 Qxf4+ 18. Kg1 Qxg3 19. Bxh7+ Kxh7 20. Rxh2+ Kg8 21. Nf2 Na6 22. Qb1 f5 23. Rh3 Qg5 24. Nd3 Bd7 {0-1 Sikora,L (1928)-Berin,A (2234) 35th Czech Rapid G1 2024 (3.23)}) ({RR} 10. Bd2 axb4 11. axb4 Rxa1 12. Qxa1 Na6 13. Qb2 dxc4 14. Bxc4 Qe7 15. b5 cxb5 16. Nxb5 h5 17. Bd3 h4 18. Ne4 Nxe4 19. Bxe4 Rd8 20. O-O Bd6 21. Rc1 Bd7 22. Nxd6 Qxd6 23. Ba5 Rb8 24. h3 Bc6 {0-1 Vifleemskaia,S (1926)-Kirillov,D (2249) Titled Tuesday intern op 25th Jan blitz 2022 (9)}) 10... axb4 11. axb4 Nbd7 12. Bd3 dxc4 13. Bxc4 Nd5 14. Bd2 N7b6 15. Bd3 Nxc3 16. Bxc3 Nd5 17. Qc1 c5 18. O-O Nxc3 19. Qxc3 cxd4 20. exd4 Bb6 21. Ne2 Bd7 22. Kh1 Bc6 23. Rbd1 Qd5 24. Rf3 Rfd8 25. Rg3 g6 26. b5 Bxb5 27. Rg5 f5 28. h4 Rdc8 29. Qb4 Bxd3 30. Rxd3 Bd8 31. Nc3 Qc4 32. Qxc4 Rxc4 33. Rgg3 Bxh4 34. Rge3 Bf6 35. Nb5 Ra6 36. d5 exd5 37. Rxd5 Rxf4 38. g3 Rf2 39. Kg1 Rc2 40. Re1 Kg7 41. Nd6 Kh6 42. Nf7+ Kh5 43. Rf1 Raa2 44. Rfd1 Rg2+ 45. Kh1 Kg4 0-1

[Event "45th Olympiad 2024"]
[Site "Budapest HUN"]
[Date "2024.09.11"]
[Round "1.43"]
[White "Sahidi, Samir"]
[Black "Salim Mohammed, Salim Al Amri"]
[Result "1-0"]
[WhiteElo "2474"]
[BlackElo "1926"]
[PlyCount "81"]
[EventDate "2024.09.11"]
[WhiteTeam "Slovakia"]
[BlackTeam "Oman"]
[WhiteTeamCountry "SVK"]
[BlackTeamCountry "OMN"]

1. d4 Nf6 2. c4 g6 3. Nc3 Bg7 4. e4 d6 5. Nf3 O-O 6. Be2 e5 7. O-O Nc6 8. d5 Nb8 9. Ne1 a5 ({RR} 9... Nfd7 10. Nd3 f5 11. Bd2 Nf6 12. f3 f4 13. c5 h5 14. Rc1 g5 15. Nb5 Na6 16. Qc2 Rf7 17. Ba5 b6 18. cxd6 cxd6 19. Be1 Bf8 20. Qa4 g4 21. Rc6 gxf3 22. Bxf3 Ng4 23. Bf2 Nc5 24. Nxc5 {1-0 Cheparinov,I (2659)-Piscopo,P (2386) Plovdiv Tringov Memorial 34th 2012 (3)}) 10. Nd3 Na6 11. Bg5 $146 ({RR} 11. a3 c5 12. b4 cxb4 13. axb4 axb4 14. Nxb4 Bd7 15. Nxa6 Rxa6 16. Rxa6 bxa6 17. Ba3 Qc7 18. Qc2 Rb8 19. Rb1 Bf8 20. Rxb8 Qxb8 21. Qb2 Qa7 22. Qc2 Qb6 23. Bc1 Be8 24. Qb2 Qa5 25. Qa3 Qxa3 {1-0 Ovod,E (2373)-Semenova,I (2279) RUS-chT1 (Women) 2004 (9.1)}) ({RR} 11. Be3 Nd7 12. a3 f5 13. f3 Rf7 14. b4 Bf8 15. Rc1 f4 16. Bf2 g5 17. Nb5 axb4 18. axb4 h5 19. c5 Qe8 20. cxd6 Bxd6 21. Nc5 Nf8 22. Ne6 g4 23. Nxd6 cxd6 24. Bxa6 g3 25. hxg3 fxg3 {1-0 Terbe,J (2282)-Nagy,B (2355) TCh-HUN 2022-23 (8.9)}) ({RR} 11. Be3 b6 12. a3 Nc5 13. f3 Ne8 14. b4 Nxd3 15. Bxd3 f5 16. c5 axb4 17. axb4 Rxa1 18. Qxa1 f4 19. Bf2 bxc5 20. bxc5 g5 21. Be2 h5 22. Rb1 g4 23. Rb8 g3 24. hxg3 fxg3 25. Bxg3 dxc5 {1-0 Wade,R-Hemingway,T British CF-40 Championship 1953 (3)}) 11... h6 12. Bh4 Qe8 13. a3 g5 14. Bg3 a4 15. f3 Bd7 16. Bf2 b6 17. Nb5 Bxb5 18. cxb5 Nc5 19. Nb4 Nfd7 20. Rc1 f5 21. Na6 Nxa6 22. bxa6 Nc5 23. Rc4 Nxa6 24. Rxa4 Nc5 25. Rxa8 Qxa8 26. b4 Nd7 27. a4 Nf6 28. Qc2 fxe4 29. fxe4 Rf7 30. Ra1 h5 31. a5 h4 32. a6 Qa7 33. h3 Nd7 34. Bg4 Nf8 35. b5 Ng6 36. Be6 Nf4 37. Bxf7+ Kxf7 38. Qc6 Ne2+ 39. Kf1 Nd4 40. Qb7 Nxb5 41. Rb1 1-0

[Event "45th Olympiad 2024"]
[Site "Budapest HUN"]
[Date "2024.09.11"]
[Round "1.43"]
[Board "3"]
[White "Al Maashani, Abdullah"]
[Black "Druska, Juraj"]
[Result "0-1"]
[WhiteElo "1893"]
[BlackElo "2441"]
[PlyCount "62"]
[EventDate "2024.09.11"]
[WhiteTeam "Oman"]
[BlackTeam "Slovakia"]
[WhiteTeamCountry "OMN"]
[BlackTeamCountry "SVK"]

1. e4 c5 2. Nf3 Nc6 3. d4 cxd4 4. Nxd4 g6 5. Nc3 Bg7 6. Be3 Nf6 7. f3 O-O 8. Qd2 d5 9. O-O-O dxe4 10. Qf2 ({RR} 10. Qe1 Nxd4 {½-½ Galego,L (2494)-Damaso,R (2436) POR-ch Lisbon 2003 (6.2)}) 10... Qa5 ({RR} 10... Nxd4 11. Bxd4 Qa5 12. fxe4 Bg4 13. Be2 Be6 14. a3 Rac8 15. Kb1 Rfd8 16. Bf3 Rxd4 17. Qxd4 Ng4 18. Qb4 Qxb4 19. axb4 Nf2 20. Rhf1 Nxd1 21. Nxd1 Be5 22. c3 Bxh2 23. Be2 Be5 24. Ne3 Kg7 25. Kc2 {0-1 Shanmathi Sree S (1527)-Toncheva,N (2257) Swiss Queens Wed #1 2024 (10.54)}) 11. Nb3 Qc7 12. Qh4 $146 ({RR} 12. h4 exf3 13. gxf3 Bf5 14. Bh3 Bxh3 15. Rxh3 h5 16. Rg3 Rac8 17. Rg2 a6 18. Rdg1 Kh7 19. Kb1 e6 20. Bb6 Qf4 21. Ne2 Qa4 22. Nc3 Qf4 23. Ne2 Qe5 24. c3 Nd5 25. Bc5 Rfd8 26. Rg5 Qf6 {1-0 Hoyos Millan,L (2160)-El Gheiadi,I (2205) World op 21st 1993}) 12... exf3 13. gxf3 Bf5 14. Nb5 Qc8 15. Bd3 Rd8 16. N5d4 Bxd3 17. Rxd3 Nb4 18. Rd2 Nxa2+ 19. Kb1 Nb4 20. Rhd1 Rd5 21. Ne2 Nxc2 22. Bg5 Qf5 23. Rxd5 Nxd5 24. Ng3 Na3+ 25. Ka2 Qc2 26. Rd2 Nc3+ 27. Kxa3 Nb1+ 28. Kb4 Nxd2 29. Bxd2 a5+ 30. Ka3 Qxb2+ 31. Ka4 Qa2+ 0-1

[Event "45th Olympiad 2024"]
[Site "Budapest HUN"]
[Date "2024.09.11"]
[Round "1.43"]
[Board "4"]
[White "Kostolansky, Sebastian Lukas"]
[Black "Al Busaidi, Hamood"]
[Result "1/2-1/2"]
[WhiteElo "2405"]
[BlackElo "1881"]
[PlyCount "82"]
[EventDate "2024.09.11"]
[WhiteTeam "Slovakia"]
[BlackTeam "Oman"]
[WhiteTeamCountry "SVK"]
[BlackTeamCountry "OMN"]

1. e4 c6 2. d4 d5 3. e5 Bf5 4. h4 h5 5. Bd3 Bxd3 6. Qxd3 e6 7. Bg5 Qa5+ 8. Nd2 Qa6 9. c4 Ne7 10. Ngf3 Nf5 11. O-O Nd7 12. Qc2 ({RR} 12. b3 Bb4 13. Rfd1 Nb6 14. Rac1 O-O 15. Nf1 c5 16. dxc5 dxc4 17. Qb1 Bxc5 18. b4 Be7 19. Ng3 Nxg3 20. fxg3 Rae8 21. Bxe7 Rxe7 22. Ng5 g6 23. Qe4 Nd5 24. Kh1 c3 25. Rc2 Rc8 26. Qf3 Qa4 {0-1 Nakamura,H (2736)-Carlsen,M (2863) Saint Louis Rapid 2020 (1)}) 12... Be7 13. cxd5 ({RR} 13. Bxe7 Nxe7 14. b3 Nf5 15. g3 Qa3 16. c5 O-O 17. Qd1 f6 18. exf6 gxf6 19. Re1 Rae8 20. Qc2 Ng7 21. Re3 e5 22. b4 Qa6 23. dxe5 fxe5 24. Ng5 e4 25. Rae1 Nf6 26. Nb3 Ng4 27. R3e2 Ne5 {1-0 Laddha,S (2324)-Klimkowski,J (2531) Titled Tue 13th Feb Early 2024 (4)}) 13... cxd5 14. Qc7 $146 ({RR} 14. Bxe7 Nxe7 15. Rfc1 O-O 16. Ng5 Nf5 17. Ndf3 Nb6 18. b3 Rac8 19. Qd2 Qa3 20. g3 a5 21. Kg2 a4 22. bxa4 Qxa4 23. Qb2 Nc4 24. Qxb7 Rb8 25. Qc7 Rb2 26. Rab1 Qxa2 27. Ra1 Rxf2+ 28. Kh3 Qe2 {0-1 Rose,F (2091)-Hirneise,J (2266) Titled Tue 17th Jan Late 2023 (1)}) 14... Bxg5 15. hxg5 Nb6 16. Qc5 Rc8 17. Qb4 Qa4 18. a3 g6 19. Rfc1 Qxb4 20. axb4 O-O 21. Rc5 a6 22. Rac1 Rxc5 23. bxc5 Rc8 24. Rc3 Nd7 25. Rb3 Rc7 26. Kf1 b6 27. cxb6 Rb7 28. Ke2 Rxb6 29. Kd3 Kf8 30. Rxb6 Nxb6 31. Kc3 Ke7 32. Kb4 Kd7 33. Nb3 Nc4 34. Nc5+ Kc6 35. b3 a5+ 36. Kc3 Na3 37. Na4 Nb5+ 38. Kd3 Na3 39. Kc3 Nb5+ 40. Kd3 Na3 41. Kc3 Nb5+ 1/2-1/2

[Event "45th Olympiad 2024"]
[Site "Budapest HUN"]
[Date "2024.09.11"]
[Round "1.44"]
[Board "3"]
[White "Avila Pavas, Santiago"]
[Black "Lima, Osvaldo Dos Santos"]
[Result "1-0"]
[WhiteElo "2485"]
[BlackElo "1903"]
[PlyCount "42"]
[EventDate "2024.09.11"]
[WhiteTeam "Colombia"]
[BlackTeam "Sao Tome and Principe"]
[WhiteTeamCountry "COL"]
[BlackTeamCountry "SAO"]

1. d4 g6 2. e4 Bg7 3. Nc3 c6 4. Be3 b5 5. Qd2 ({RR} 5. Bd3 a5 6. Qd2 a4 7. a3 d6 8. Nge2 Nd7 9. f4 e5 10. dxe5 dxe5 11. f5 Ngf6 12. O-O-O Ng4 13. Bg5 f6 14. Be3 Nxe3 15. Qxe3 Qe7 16. Na2 Qc5 17. Qg3 Bh6+ 18. Kb1 Qe3 19. fxg6 Qxg3 {½-½ Novozhilov,S (2272)-Tifferet,S (2334) Titled Tue 2nd Jan Early 2024 (4)}) 5... a5 ({RR} 5... b4 6. Nd1 a5 7. h4 h5 8. g4 hxg4 9. f3 gxf3 10. Nxf3 d6 11. Nf2 Nf6 12. O-O-O Nbd7 13. e5 Nd5 14. e6 fxe6 15. Bd3 Nf8 16. Rdg1 Ba6 17. Bxg6+ Nxg6 18. Rxg6 Bf6 19. Rhg1 Kd7 20. Ne4 {0-1 Kopczynski,M (2225)-Caruana,F (2786) Titled Tue 5th Sep Early 2023 (1)}) 6. h4 h5 7. Nh3 d6 $146 ({RR} 7... a4 8. a3 Nf6 9. f3 Qa5 10. Ng5 d6 11. e5 Nh7 12. Nxh7 Rxh7 13. exd6 exd6 14. Bf4 d5 15. Qe3+ Be6 16. Bd3 Kd7 17. O-O-O Na6 18. Rhe1 Re8 19. Na2 Rhh8 20. c3 Kc8 21. Qf2 Qd8 22. Re2 {1-0 Berbatov,K (2346)-Todorov,E (2177) BUL-chT2 58th 2008 (3.4)}) 8. Ng5 Nh6 9. a3 Bb7 10. Be2 Nd7 11. f3 Nf8 12. O-O f5 13. Nxb5 Nf7 14. Nxf7 Kxf7 15. Nc3 e5 16. dxe5 dxe5 17. Bc4+ Ne6 18. Na4 Re8 19. Qc3 Qxh4 20. Bxe6+ Rxe6 21. Nc5 Re7 1-0

[Event "45th Olympiad 2024"]
[Site "Budapest HUN"]
[Date "2024.09.11"]
[Round "1.44"]
[Board "4"]
[White "Semedo, Adelino"]
[Black "Munoz Triana, Joseph Steve"]
[Result "0-1"]
[WhiteElo "1827"]
[BlackElo "2270"]
[PlyCount "70"]
[EventDate "2024.09.11"]
[WhiteTeam "Sao Tome and Principe"]
[BlackTeam "Colombia"]
[WhiteTeamCountry "SAO"]
[BlackTeamCountry "COL"]

1. d4 Nf6 2. Nf3 e6 3. Bf4 c5 4. c3 Nc6 5. e3 d5 6. Nbd2 Bd6 7. Bg3 O-O 8. Bd3 Re8 9. Ne5 Bxe5 10. dxe5 Nd7 11. f4 c4 12. Be2 ({RR} 12. Bc2 Qb6 13. O-O Qxb2 14. Rc1 f5 15. exf6 Nxf6 16. Bh4 Rf8 17. e4 Qxc3 18. e5 Qd4+ 19. Bf2 Qxf4 20. exf6 Rxf6 21. Bc5 Qh6 22. Nxc4 dxc4 23. Qd6 Bd7 24. Qxd7 Qg5 25. Rxf6 Qxc5+ 26. Kh1 gxf6 {1-0 Mitkov,N (2515)-Shulman,Y (2550) Martinovsky Memorial 2005 (4)}) ({RR} 12. Bc2 Qb6 13. Bf2 Qxb2 14. O-O Qxc3 15. Rc1 Qa5 16. Bb1 Nc5 17. Nf3 Bd7 18. Ng5 h6 19. Nf3 Nb4 20. Qd2 Qb6 21. e4 dxe4 22. Bxe4 Nxe4 23. Qxd7 Nxf2 24. Rxf2 Nd3 25. Rcf1 Nxf2 26. Rxf2 Red8 {0-1 Yashvi Jain (1719)-Sheikh Abdullah Munshee,A (1564) Swiss Queens Wed #6 2024 (5.167)}) 12... Qb6 13. Bf2 Qxb2 14. Qc1 $146 ({RR} 14. Rc1 Nb6 15. O-O Bd7 16. Nf3 Ne7 17. Nd4 Na4 18. Qe1 Nf5 19. g4 Nxd4 20. exd4 b5 21. Be3 a5 22. f5 b4 23. cxb4 axb4 24. f6 Nc3 25. Bf3 Rxa2 26. Rf2 Qa3 27. Rxa2 Nxa2 28. Rd1 b3 {0-1 Zemlyanskii,I (2362)-Do Valle Cardoso,L (2282) Titled Tue 8th Aug Late 2023 (11)}) 14... Qxc1+ 15. Rxc1 b5 16. e4 Nb6 17. Rb1 Na4 18. Rxb5 Nxc3 19. Rc5 Nb4 20. exd5 exd5 21. Kf1 Nxe2 22. Kxe2 Nd3 23. Ra5 Nxf4+ 24. Kf3 Nd3 25. Bd4 Nxe5+ 26. Kg3 Nc6 27. Rxd5 Be6 28. Rd6 Red8 29. Rxc6 Rxd4 30. Nf3 Rd3 31. Rb1 Ra3 32. Rb2 h6 33. Kf4 Rd8 34. Nd2 c3 35. Rb3 cxd2 0-1

[Event "45th Olympiad 2024"]
[Site "Budapest HUN"]
[Date "2024.09.11"]
[Round "1.45"]
[Board "2"]
[White "Siddharth, Jagadeesh"]
[Black "Ayyad, Maher"]
[Result "1-0"]
[WhiteElo "2514"]
[BlackElo "1980"]
[PlyCount "55"]
[EventDate "2024.09.11"]
[WhiteTeam "Singapore"]
[BlackTeam "Bahrain"]
[WhiteTeamCountry "SIN"]
[BlackTeamCountry "BHN"]

1. e4 c5 2. Nf3 e6 3. d4 cxd4 4. Nxd4 Nf6 5. Bd3 Nc6 6. Nxc6 bxc6 7. Bf4 d5 8. Nd2 Be7 9. O-O O-O 10. e5 Nd7 11. Re1 f5 12. exf6 Nxf6 ({RR} 12... Bxf6 13. Rxe6 Nc5 14. Rxc6 Nxd3 15. cxd3 Bxb2 16. Rb1 Bd7 17. Rc2 Bd4 18. Be3 Bxe3 19. fxe3 Qg5 20. Qe1 Rae8 21. Nf1 Qg6 22. Rc7 Rf7 23. Rbb7 Bh3 24. Ng3 Rxc7 25. Rxc7 Qb6 26. Qc1 Rxe3 27. Qc5 {½-½ Ghimpu,S (2452)-Nedelcu,T (2283) Romania GP Brasov 2024 (5.4)}) 13. Be5 Qe8 $146 ({RR} 13... Bc5 14. Nb3 Bb6 15. Bd4 Qe7 16. Bxb6 axb6 17. Nd4 c5 18. Nf3 Qd6 19. c3 Bb7 20. Qe2 Rae8 21. Qe5 Qxe5 22. Nxe5 Rd8 23. a4 Ra8 24. Bb5 Rfd8 25. f3 d4 26. Nc4 dxc3 27. bxc3 Nd5 28. Rxe6 {1-0 Anandh,V (1787)-Zhuang,K (1851) North American Junior U20 2023 (8.19)}) 14. c4 Qf7 15. Qc2 g6 16. Nf3 Nd7 17. Rac1 Nc5 18. cxd5 cxd5 19. Bd4 Nxd3 20. Qxd3 Bd6 21. h4 Qf5 22. Qb5 Bf4 23. Rc3 Rb8 24. Qc5 Rf7 25. Ne5 Bxe5 26. Bxe5 Rb5 27. Qxc8+ Rf8 28. Qd7 1-0

[Event "45th Olympiad 2024"]
[Site "Budapest HUN"]
[Date "2024.09.11"]
[Round "1.45"]
[Board "3"]
[White "Monther, Alfardan"]
[Black "Wong, Zhenyong Jayden"]
[Result "0-1"]
[WhiteElo "1834"]
[BlackElo "2397"]
[PlyCount "106"]
[EventDate "2024.09.11"]
[WhiteTeam "Bahrain"]
[BlackTeam "Singapore"]
[WhiteTeamCountry "BHN"]
[BlackTeamCountry "SIN"]

1. e4 {Krasenkow,Michal} c5 2. Nf3 e6 3. c3 d5 4. exd5 Qxd5 5. d4 Nf6 6. Na3 Nc6 7. Be3 cxd4 8. Nb5 Qd7 ({RR} 8... Qd8) 9. Nbxd4 a6 ({RR} 9... Nd5 10. Bd2 Bd6 11. Nxc6 bxc6 12. Bd3 Rb8 13. Qc2 h6 14. O-O c5 15. Rad1 Qc7) 10. Bd3 ({RR} 10. Nxc6 Qxc6 11. Ne5 Qc7 12. Qa4+ Nd7 13. f4 Bd6 14. O-O-O O-O 15. Nxd7 Bxd7 16. Qd4 Rfd8 17. Be2 Bc6 18. Rhg1 e5 19. fxe5 Bxe5 20. Qh4 Rxd1+ 21. Bxd1 Bxh2 22. Bc2 h6 23. Rf1 Bxg2 24. Rf5 Re8 {0-1 Priasmoro,N (2504)-Wong,Z (2348) Hanoi GMB 2023 (2.1)}) 10... Nd5 $146 ({RR} 10... Bd6 11. O-O Ne7 ({RR} 11... O-O 12. Re1 Qc7 13. Nxc6 bxc6 14. Qa4 Nd5 15. Qh4 h6 16. Bd4) 12. Qc2 ({RR} 12. Re1 O-O 13. Bg5) 12... O-O 13. Bg5 Ng6 ({RR} 13... Ned5) 14. Rad1 Qc7 15. Rfe1 Bd7 16. g3 Rfe8 ({RR} 16... Ng4) 17. Bxf6 gxf6 18. h4 Kh8 ({RR} 18... Kg7) 19. Qd2 Bf8 ({RR} 19... Rad8 20. h5 Nf4 21. gxf4 Bxf4) 20. h5 Ne7 21. Bc2 Red8 22. Qd3 f5 23. g4 ({RR} 23. Ng5 Be8 ({RR} 23... Kg8 24. Bb3) 24. Qe2) 23... f6 ({RR} 23... Qf4) 24. g5 ({RR} 24. gxf5 e5) ({RR} 24. Nh4 Nc6 25. gxf5 Nxd4 26. Qxd4 e5 27. Qe3) 24... Qf4 25. gxf6 {0-1 Aronian,L (2767)-Caruana,F (2828) Norway Chess 8th 2020 (6)}) ({RR} 10... Bc5 11. O-O Nxd4 12. cxd4 Be7 13. Ne5 Qd5 14. Bc4 Qd6 15. Bf4 Qd8 16. Re1 O-O) ({RR} 10... Bd6 11. O-O Ne7 12. a4 O-O 13. Bc2 Rd8 14. Bg5 e5 15. Bxf6 gxf6 16. Ne2 f5 17. Nh4 e4 18. Qc1 Qe6 19. g3 Kh8 20. Qg5 Rg8 21. Qh5 Ng6 22. Nd4 Qf6 23. Nxg6+ fxg6 24. Qh6 Bd7 25. Rae1 {0-1 Heinemann,J (2303)-Oleksiyenko,M (2573) Titled Tue 19th Mar Early 2024 (4)}) ({RR} 10... Bd6 11. O-O O-O 12. Nxc6 Qxc6 13. Bd4 Qc7 14. Re1 b5 15. a4 Bb7 16. axb5 axb5 17. Rxa8 Bxa8 18. Bxb5 Bxf3 19. Qxf3 e5 20. Be3 e4 21. Qh3 Rb8 22. c4 Be5 23. b3 h6 24. g3 Rd8 25. Qf1 {1-0 Kevlishvili,R (2536)-Kaliksteyn,A (2389) New York Fall GMA 2022 (3.5)}) 11. O-O Be7 12. Nxc6 bxc6 13. Ne5 Qc7 14. Qh5 g6 15. Nxg6 fxg6 16. Bxg6+ Kd8 17. Rad1 Bd7 18. c4 Nf6 19. Qh3 Kc8 20. Bf7 Qe5 21. Bd4 Qf5 22. Qxf5 exf5 23. Rfe1 Bd8 24. Be6 Bxe6 25. Rxe6 Rf8 26. Rxc6+ Kb7 27. Re6 Rc8 28. c5 Ne4 29. b4 Rc6 30. Rxc6 Kxc6 31. f3 Ng5 32. a4 Bc7 33. h4 Ne6 34. Bf2 Rb8 35. Be1 Nf4 36. b5+ axb5 37. axb5+ Rxb5 38. Bf2 Rb2 39. Kf1 Ne6 40. g4 f4 41. Re1 Kd5 42. Rd1+ Kc6 43. Re1 Nxc5 44. Bxc5 Kxc5 45. Re7 Kc6 46. Rxh7 Bb6 47. Rf7 Rf2+ 48. Ke1 Rxf3 49. h5 Kd5 50. h6 Re3+ 51. Kf1 Ke4 52. Re7+ Kf3 53. h7 Bd4 0-1

[Event "45th Olympiad 2024"]
[Site "Budapest HUN"]
[Date "2024.09.11"]
[Round "1.45"]
[Board "4"]
[White "Chia, Yu Zhe Ashton"]
[Black "Mosa, Hamad"]
[Result "1-0"]
[WhiteElo "2224"]
[BlackElo "1721"]
[PlyCount "85"]
[EventDate "2024.09.11"]
[WhiteTeam "Singapore"]
[BlackTeam "Bahrain"]
[WhiteTeamCountry "SIN"]
[BlackTeamCountry "BHN"]

1. e4 e6 2. d4 d5 3. Nc3 Nf6 4. Bg5 dxe4 5. Nxe4 Be7 6. Bxf6 Bxf6 7. Nf3 Be7 8. Bd3 Bd7 ({RR} 8... O-O 9. Qe2 f5 10. Ned2 c5 11. dxc5 Bxc5 12. O-O Nc6 13. Nc4 Qc7 14. Rfe1 Nd4 15. Nxd4 Bxd4 16. c3 Bf6 17. Ne5 Rd8 18. Rad1 Bxe5 19. Qxe5 Qxe5 20. Rxe5 b6 21. Ree1 Kf7 22. f4 Bb7 23. Kf2 {½-½ Sanal,V (2563)-Atalik,S (2504) Paracin Orbis IM Mix 2021 (4)}) ({RR} 8... Nd7 9. Qe2 b6 10. O-O-O Bb7 11. h4 Nf6 12. h5 h6 13. c4 c6 14. g4 Qc7 15. Ne5 c5 16. Kb1 cxd4 17. f4 Rf8 18. Rhe1 O-O-O 19. a3 Kb8 20. Rc1 Nd7 21. Nxd7+ Rxd7 22. Rf1 Rc8 23. f5 {0-1 Vardan,N (2378)-Razanadrakotoarisoa,T (2027) Cappelle Online Blitz op 2022 (6)}) 9. Qe2 Nc6 $146 ({RR} 9... Bc6 10. O-O-O O-O 11. h4 Bd5 12. c4 Bxe4 13. Qxe4 g6 14. h5 Bg5+ 15. Kb1 Nc6 16. hxg6 hxg6 17. Qg4 Qf6 18. Qxg5 Qxg5 19. Nxg5 Kg7 20. Nf3 Rad8 21. Be4 Na5 22. b3 c6 23. g4 f5 24. gxf5 {1-0 Pundt,W (1931)-Lindemann,E (1323) Bremen-ch op 2014 (5)}) ({RR} 9... Bc6 10. Rd1 Nd7 11. Ne5 Bxe4 12. Bxe4 c6 13. O-O Qc7 14. Rfe1 Nf6 15. Bf3 O-O 16. a3 a5 17. c4 Rad8 18. c5 Nd5 19. Be4 Nf6 20. Bb1 Rd5 21. Ba2 Rdd8 22. Qc2 Rfe8 23. Re3 Bf8 24. Rh3 {1-0 Fernandez Lago,D (2000)-Mondelo Fidalgo,A (1739) Linares FEDC-ch 24th 2014 (8)}) 10. O-O-O Nb4 11. Bc4 c6 12. Bb3 b5 13. c3 Nd5 14. Ne5 Nf6 15. Nc5 Bxc5 16. dxc5 Qe7 17. Rd6 a5 18. Rhd1 a4 19. Bc2 a3 20. Nxd7 axb2+ 21. Kb1 Nd5 22. R1xd5 cxd5 23. Qxb5 Rd8 24. Nb8+ Kf8 25. Nc6 Re8 26. Nxe7 Kxe7 27. Qb7+ Kf6 28. Rd7 Rhf8 29. Qc7 g6 30. Qf4+ Kg7 31. Qe5+ Kg8 32. c6 Rb8 33. Qxb8 Rxb8 34. c7 Rf8 35. Rd8 Kg7 36. Rxf8 Kxf8 37. a4 Ke7 38. c8=Q Kf6 39. a5 Kg7 40. a6 Kf6 41. a7 Kg7 42. a8=Q Kf6 43. Qh8+ 1-0

[Event "45th Olympiad 2024"]
[Site "Budapest HUN"]
[Date "2024.09.11"]
[Round "1.46"]
[Board "1"]
[White "Kjartansson, Gudmundur"]
[Black "Mompel Ferruz, Xavier"]
[Result "0-1"]
[WhiteElo "2478"]
[BlackElo "2273"]
[PlyCount "64"]
[EventDate "2024.09.11"]
[WhiteTeam "Iceland"]
[BlackTeam "Equatorial Guinea"]
[WhiteTeamCountry "ISL"]

1. Nf3 d5 2. g3 Nf6 3. Bg2 c5 4. O-O e6 5. c4 d4 6. e3 Nc6 7. exd4 cxd4 8. d3 Bd6 9. Bg5 h6 10. Bxf6 Qxf6 11. Nbd2 Qe7 12. Re1 O-O 13. a3 a5 14. Nb3 ({RR} 14. Rc1 Bd7 15. Ne4 Bc7 16. c5 Ra6 17. Nfd2 f5 18. Nd6 Bxd6 19. cxd6 Qxd6 20. Qb3 Qb8 21. Rc5 Kh7 22. Nc4 Qa7 23. Rb5 Nd8 24. a4 Bc6 25. Qa3 Kg8 26. Ne5 Bxg2 27. Kxg2 b6 28. Qd6 Qb7+ {1-0 Caruana,F (2835)-Dominguez Perez,L (2758) Clutch-ch May rapid 2020 (1.4)}) 14... Qf6 15. Nfd2 Qd8 $146 ({RR} 15... Bc7 16. Nc5 e5 17. Rb1 Qe7 18. b4 axb4 19. axb4 Nxb4 20. Rxb4 Qxc5 21. Rb5 Qa3 22. Ne4 Ba5 23. Rf1 f6 24. Nc5 Bf5 25. Be4 Bxe4 26. Nxe4 Rf7 27. f4 exf4 28. gxf4 Bc7 29. f5 Qa2 30. Rf2 {1-0 Herman,D (1925)-Bendayan Claros,A (2200) Titled Tue 13th Aug Early 2024 (8)}) ({RR} 15... Bc7 16. f4 e5 17. fxe5 Nxe5 18. Ne4 Qg6 19. Nf2 f5 20. Nd2 f4 21. Nde4 fxg3 22. hxg3 Bg4 23. Qb3 Nf3+ 24. Kf1 Bxg3 25. Qxb7 Nh2+ 26. Kg1 Bxf2+ {0-1 Jurek,J (2242)-Kulkarni,B (2364) 22nd Marienbad B1 IM 2024 (6.1)}) 16. Ne4 Bc7 17. Nbc5 b6 18. Nf6+ Qxf6 19. Bxc6 Ra7 20. Ne4 Qe7 21. Qa4 Bd6 22. Nxd6 Qxd6 23. b4 axb4 24. Qxa7 Qxc6 25. axb4 Bb7 26. Re4 Ra8 27. Qxa8+ Bxa8 28. b5 Qb7 29. f3 Kh7 30. Rf1 Qe7 31. Re2 Qa3 32. Rd2 Bxf3 0-1